000 00769cab a2200217 4500
001 WB3042-64
008 090401t1994 xxu||||| |||| 00| 0 eng d
035 _a(Sirsi) u79867
041 _aeng
245 _aEstate agencies face financial difficulties
260 _c1994
350 _a0
490 _aEstate Agent
_vNovember 1994, 11(1)
520 _aA report "The Plimsoll Portfolio Analysis : estate agents", which analyses the financial character of UK estate agents says events such as the recession have thrust over two thirds of firms into financial difficulty.
650 _aESTATE AGENTS
650 _aFINANCIAL PERFORMANCE
650 _aSURVEY
690 _aMANAGEMENT-BUSINESS MANAGEMENT-PROFESSIONAL PRACTICE
942 _n0
948 _c04/03/1997
999 _c50258
_d50258